[Event "31.Schlosspark-Open"]
[Site "Wiesbaden-Biebrich"]
[Date "2019.08.23"]
[Round "2.1"]
[White "Khenkin, Igor"]
[Black "Foerster-Yialamas, Lucas"]
[Result "1-0"]
[WhiteElo "2547"]
[BlackElo "2056"]
[PlyCount "121"]
[EventDate "2019.??.??"]
[WhiteTeam "SG Turm Kiel"]
[BlackTeam "Frankfurter TV"]

1. Nf3 c5 2. c4 Nc6 3. Nc3 e5 4. g3 g6 5. Bg2 Bg7 6. O-O d6 7. Ne1 Nge7 8. Nc2
Be6 9. Ne3 O-O 10. d3 a6 11. Ned5 Rb8 12. a4 b6 13. Bg5 f6 14. Bd2 f5 15. Rb1
h6 16. b4 Nxb4 17. Nxb4 cxb4 18. Rxb4 d5 19. cxd5 Nxd5 20. Nxd5 Bxd5 21. Bxd5+
Qxd5 22. Qb3 Qxb3 23. Rxb3 Rfc8 24. Rfb1 Rc2 25. Be3 Ra2 26. Rxb6 Rxb6 27. Rxb6
Rxa4 28. Rxg6 Kh7 29. Re6 a5 30. Ra6 Ra1+ 31. Kg2 a4 32. Bc5 Ra2 33. e4 fxe4
34. dxe4 Rc2 35. Ra5 Rc4 36. Kf3 Kg6 37. h4 h5 38. Ke3 Rc3+ 39. Kd2 Rc4 40. Kd3
Rc1 41. Ba3 Rd1+ 42. Ke2 Rd4 43. f3 Bh6 44. Rd5 Rxd5 45. exd5 Kf5 46. Kd3 Bg7
47. Be7 Bf6 48. g4+ hxg4 49. fxg4+ Kg6 50. h5+ Kf7 51. Bxf6 Kxf6 52. d6 e4+ 53.
Kc2 a3 54. d7 Ke7 55. h6 a2 56. Kb2 e3 57. h7 a1=Q+ 58. Kxa1 e2 59. d8=Q+ Kf7
60. Qd5+ Kg6 61. Qg8+ 1-0

[Event "31.Schlosspark-Open"]
[Site "Wiesbaden-Biebrich"]
[Date "2019.08.23"]
[Round "2.2"]
[White "Waffenschmidt, Joachim"]
[Black "Poetsch, Hagen"]
[Result "0-1"]
[WhiteElo "1994"]
[BlackElo "2508"]
[PlyCount "76"]
[EventDate "2019.??.??"]
[WhiteTeam "SV Hofheim"]
[BlackTeam "SC Heusenstamm"]

1. d4 Nf6 2. c4 b6 3. Nf3 Bb7 4. g3 g6 5. Bg2 Bg7 6. O-O O-O 7. Nc3 Ne4 8. Qd3
Nxc3 9. Qxc3 c5 10. Be3 Nc6 11. Qd2 Na5 12. Rac1 d5 13. cxd5 Qxd5 14. dxc5 Nc4
15. Qxd5 Bxd5 16. Rxc4 Bxc4 17. Nd2 Bxe2 18. Re1 Bb5 19. Bxa8 Rxa8 20. b3 bxc5
21. Rc1 Bd4 22. Ne4 Rd8 23. Rd1 Rc8 24. Bxd4 cxd4 25. Rxd4 Rc1+ 26. Kg2 Bc6 27.
Kh3 Rc2 28. a4 e5 29. Rd8+ Kg7 30. Nd2 Kf6 31. Nc4 Ke7 32. Rd2 Rxd2 33. Nxd2
Kd6 34. Nc4+ Kd5 35. Kg4 f6 36. Kf3 Kd4+ 37. Ke2 Bxa4 38. Nxe5 Bb5+ 0-1

[Event "31.Schlosspark-Open"]
[Site "Wiesbaden-Biebrich"]
[Date "2019.08.23"]
[Round "2.3"]
[White "Milov, Leonid"]
[Black "Bischoff, Ulrich"]
[Result "1-0"]
[WhiteElo "2455"]
[BlackElo "2050"]
[PlyCount "81"]
[EventDate "2019.??.??"]
[WhiteTeam "SC Noris-Tarrasch Nürnberg"]
[BlackTeam "Sfr. Erbach"]

1. e4 e5 2. Bc4 Nf6 3. d3 d5 4. exd5 Nxd5 5. Nf3 Nc6 6. O-O Be7 7. h3 Be6 8.
Re1 Qd6 9. Bb5 f6 10. d4 O-O-O 11. Qe2 Bf5 12. dxe5 Nxe5 13. Nxe5 fxe5 14. Bd3
Rhf8 15. Bxf5+ Rxf5 16. Nd2 Rdf8 17. Ne4 Qg6 18. Qg4 Kb8 19. Qxg6 hxg6 20. Be3
Bb4 21. Red1 Nxe3 22. fxe3 Kc8 23. Rd3 Rd8 24. Rad1 Be7 25. Rxd8+ Bxd8 26. Rd3
Rf7 27. g3 b6 28. Kg2 Rd7 29. Kf3 Rxd3 30. cxd3 Kd7 31. Nd2 Ke6 32. Ke4 a5 33.
Nf3 Bf6 34. h4 Kd6 35. g4 g5 36. hxg5 Be7 37. Kf5 a4 38. Kg6 Ke6 39. Kxg7 b5
40. Kh7 b4 41. g6 1-0

[Event "31.Schlosspark-Open"]
[Site "Wiesbaden-Biebrich"]
[Date "2019.08.23"]
[Round "2.4"]
[White "Tepe, Josef"]
[Black "Carow, Johannes"]
[Result "0-1"]
[WhiteElo "2044"]
[BlackElo "2423"]
[PlyCount "48"]
[EventDate "2019.??.??"]
[WhiteTeam "SC Taunusstein"]
[BlackTeam "SF Heidesheim"]

1. d4 Nf6 2. Bg5 c5 3. Nc3 d5 4. e3 cxd4 5. exd4 Nc6 6. Nf3 Bg4 7. Bxf6 gxf6 8.
Be2 e6 9. O-O Bg7 10. Re1 O-O 11. Na4 f5 12. c3 b6 13. b3 Rc8 14. h3 Bxf3 15.
gxf3 Qg5+ 16. Kh1 Qh4 17. Kg2 Kh8 18. Ba6 Rg8 19. Kf1 Bxd4 20. Qd2 Rc7 21. Qb2
Bxf2 22. Qxf2 Qxh3+ 23. Ke2 Rg2 24. Rh1 Qg3 0-1

[Event "31.Schlosspark-Open"]
[Site "Wiesbaden-Biebrich"]
[Date "2019.08.23"]
[Round "2.5"]
[White "Inkiov, Ventzislav"]
[Black "Iliev, Mustafa Batuhan"]
[Result "1-0"]
[WhiteElo "2418"]
[BlackElo "2028"]
[PlyCount "51"]
[EventDate "2019.??.??"]
[WhiteTeam "SC Ötigheim"]
[BlackTeam "SV Großauheim"]

1. d4 f5 2. c4 g6 3. Nc3 Bg7 4. Nf3 Nf6 5. g3 O-O 6. Bg2 d6 7. O-O c6 8. b3 Qa5
9. Bd2 Qc7 10. d5 e5 11. dxe6 Na6 12. Rc1 Nc5 13. Bf4 Rd8 14. Ng5 Nxe6 15. Nd5
cxd5 16. Nxe6 Bxe6 17. cxd5 Qe7 18. dxe6 Qxe6 19. Bxb7 Rab8 20. Bf3 Ne4 21. Rc7
a5 22. Ra7 Rb5 23. Qd3 Rc5 24. Rd1 d5 25. Rxg7+ Kxg7 26. Qd4+ 1-0

[Event "31.Schlosspark-Open"]
[Site "Wiesbaden-Biebrich"]
[Date "2019.08.23"]
[Round "2.6"]
[White "Marzahn, Heiko"]
[Black "Gutman, Lev"]
[Result "0-1"]
[WhiteElo "2041"]
[BlackElo "2412"]
[PlyCount "118"]
[EventDate "2019.??.??"]
[WhiteTeam "Sfr. Erbach"]
[BlackTeam "SV Lingen"]

1. e4 c5 2. Nf3 d6 3. d4 cxd4 4. Nxd4 Nf6 5. Nc3 a6 6. f4 Bg4 7. Be2 Bxe2 8.
Qxe2 Qb6 9. Nb3 e6 10. Be3 Qc7 11. O-O Be7 12. Rae1 Nc6 13. a4 Rc8 14. Kh1 Nb4
15. Bg1 Qc4 16. Na5 Qxe2 17. Rxe2 Rc7 18. Bb6 Rd7 19. Nc4 Nc6 20. Bg1 O-O 21.
Rd1 b5 22. axb5 axb5 23. Nxb5 d5 24. exd5 Nxd5 25. Ne5 Nxe5 26. fxe5 Rc8 27. b3
Rdd8 28. c4 Nf4 29. Red2 Rxd2 30. Rxd2 Ng6 31. Rd7 Kf8 32. Bd4 f6 33. exf6 gxf6
34. g3 e5 35. Bb6 Rc6 36. Ba7 Kf7 37. Rc7 Ra6 38. b4 Ke6 39. c5 Ra1+ 40. Kg2
Rb1 41. Rb7 Rb2+ 42. Kf3 f5 43. Nc7+ Kd7 44. Nd5+ Kc6 45. Rxe7 e4+ 46. Ke3 Kxd5
47. Rd7+ Kc6 48. Rxh7 Rb3+ 49. Ke2 Ne5 50. Bb8 Rb2+ 51. Ke3 Ng4+ 52. Kf4 Rxb4
53. Bd6 e3+ 54. Kxf5 Nf2 55. Re7 Re4 56. Ra7 e2 57. Ra1 Nd1 58. Kxe4 e1=Q+ 59.
Kf4 Qd2+ 0-1

[Event "31.Schlosspark-Open"]
[Site "Wiesbaden-Biebrich"]
[Date "2019.08.23"]
[Round "2.7"]
[White "Papadopoulos, Ioannis"]
[Black "Scholz, Christian"]
[Result "0-1"]
[WhiteElo "1921"]
[BlackElo "2372"]
[PlyCount "56"]
[EventDate "2019.??.??"]
[WhiteTeam "SV Oberursel"]
[BlackTeam "SC Hansa Dortmund"]

1. e4 c5 2. Nf3 d6 3. d4 cxd4 4. Nxd4 Nf6 5. Nc3 a6 6. Be3 e5 7. Nf3 Qc7 8. a4
Be7 9. Be2 O-O 10. O-O Nbd7 11. Nd2 b6 12. f4 Bb7 13. Qe1 d5 14. exd5 Nxd5 15.
Nxd5 Bxd5 16. c4 Bb7 17. Qf2 Bc5 18. a5 exf4 19. Bxc5 bxc5 20. Qxf4 Qxf4 21.
Rxf4 Rab8 22. Rd1 Ne5 23. b3 Nc6 24. Kf2 f5 25. Ra1 Nd4 26. h4 Ne6 27. Rf3 Bxf3
28. Bxf3 Nd4 0-1

[Event "31.Schlosspark-Open"]
[Site "Wiesbaden-Biebrich"]
[Date "2019.08.23"]
[Round "2.8"]
[White "Keller, Peter"]
[Black "Haack, Kevin"]
[Result "1-0"]
[WhiteElo "2342"]
[BlackElo "2031"]
[PlyCount "77"]
[EventDate "2019.??.??"]
[WhiteTeam "SK Bickenbach"]
[BlackTeam "SC Bad Soden"]

1. e4 c5 2. Nf3 d6 3. d4 cxd4 4. Nxd4 Nf6 5. Nc3 a6 6. f3 e6 7. Be3 b5 8. Qd2
Nbd7 9. g4 b4 10. Na4 h6 11. O-O-O d5 12. exd5 Nxd5 13. Bc4 Bb7 14. Rhe1 Qc7
15. Nxe6 fxe6 16. Bxd5 Bxd5 17. Bf4 Bd6 18. Bxd6 Qxd6 19. Qxd5 Qxd5 20. Rxd5
Ke7 21. f4 h5 22. f5 e5 23. g5 Rhf8 24. Nc5 Nxc5 25. Rexe5+ Kf7 26. Rxc5 Rfe8
27. h4 Rad8 28. Rxe8 Rxe8 29. Rc7+ Kg8 30. b3 Re5 31. Rc4 a5 32. Rf4 Re1+ 33.
Kb2 Re2 34. f6 gxf6 35. gxf6 Kf7 36. Rf5 Re4 37. Rxh5 Kxf6 38. Rxa5 Rxh4 39.
Rc5 1-0

[Event "31.Schlosspark-Open"]
[Site "Wiesbaden-Biebrich"]
[Date "2019.08.23"]
[Round "2.9"]
[White "Geltz, Noah"]
[Black "Neukirchner, Pascal"]
[Result "0-1"]
[WhiteElo "2033"]
[BlackElo "2328"]
[PlyCount "72"]
[EventDate "2019.??.??"]
[WhiteTeam "SF HN-Biberach"]
[BlackTeam "SK Gründau"]

1. c4 c5 2. Nc3 Nc6 3. g3 g6 4. Bg2 Bg7 5. e3 e5 6. Nge2 Nge7 7. O-O O-O 8. d3
d6 9. Rb1 Be6 10. a3 a5 11. b4 axb4 12. axb4 Nxb4 13. Bxb7 Rb8 14. Bg2 d5 15.
cxd5 Nexd5 16. Na4 Qe7 17. d4 cxd4 18. exd4 Bf5 19. Rb2 Rfd8 20. Re1 Qa7 21.
Bxd5 Rxd5 22. Nac3 Rdd8 23. d5 Nd3 24. Be3 Nxb2 25. Bxa7 Nxd1 26. Rxd1 Rb7 27.
Be3 Bg4 28. Kg2 e4 29. Rc1 Rbd7 30. Nd4 Bxd4 31. Bxd4 Bf3+ 32. Kh3 f5 33. Ra1
Kf7 34. Ra6 Rd6 35. Ra7+ R8d7 36. Ra8 g5 0-1

[Event "31.Schlosspark-Open"]
[Site "Wiesbaden-Biebrich"]
[Date "2019.08.23"]
[Round "2.10"]
[White "Stork, Oliver"]
[Black "Wolf, Andreas"]
[Result "1/2-1/2"]
[WhiteElo "2322"]
[BlackElo "2028"]
[PlyCount "118"]
[EventDate "2019.??.??"]
[WhiteTeam "SV Oberursel"]
[BlackTeam "FVS ASP Hoyerswerda"]

1. c4 e6 2. Nc3 d5 3. d4 Nf6 4. Bg5 Be7 5. cxd5 Nxd5 6. Bxe7 Qxe7 7. Nf3 O-O 8.
e4 Nxc3 9. bxc3 c5 10. Be2 Nd7 11. O-O cxd4 12. cxd4 Nf6 13. Bd3 b6 14. a4 Bb7
15. Qe2 Rfc8 16. a5 bxa5 17. Rxa5 Rc3 18. Rfa1 Qc7 19. g3 Rc1+ 20. Rxc1 Qxc1+
21. Kg2 Qc7 22. Rc5 Qd8 23. Rb5 Ba6 24. Rb2 Bxd3 25. Qxd3 a5 26. Ne5 Qc7 27.
Qb1 h6 28. f3 Qd6 29. Rb7 Qxd4 30. Nxf7 Rf8 31. Qa2 Nxe4 32. Nxh6+ Kh7 33. Ng4
Ng5 34. Qc2+ Kg8 35. Qg6 Qd2+ 36. Nf2 Qc3 37. Qd3 Qxd3 38. Nxd3 Rxf3 39. Nf4
Ra3 40. h4 Ra2+ 41. Kg1 Nf3+ 42. Kf1 Nd4 43. g4 Ra3 44. Kf2 Ra2+ 45. Kf1 Ra3
46. Nh5 Rf3+ 47. Kg2 Rf7 48. Rb8+ Rf8 49. Rb7 Rf7 50. Rb8+ Rf8 51. Rb6 Ne2 52.
Rxe6 Nf4+ 53. Nxf4 Rxf4 54. Kg3 Rb4 55. Ra6 a4 56. Ra5 g6 57. Ra7 Kh8 58. Kf3
Kg8 59. Rd7 Kh8 1/2-1/2

[Event "31.Schlosspark-Open"]
[Site "Wiesbaden-Biebrich"]
[Date "2019.08.23"]
[Round "2.11"]
[White "Yaghi, Rita"]
[Black "Ehmann, Thilo"]
[Result "0-1"]
[WhiteElo "1989"]
[BlackElo "2315"]
[PlyCount "74"]
[EventDate "2019.??.??"]
[WhiteTeam "SK Marburg"]
[BlackTeam "SF Sasbach"]

1. e4 c5 2. Nf3 e6 3. d4 cxd4 4. Nxd4 a6 5. Bd3 Bc5 6. Nb3 Be7 7. Qe2 d6 8. c4
Nf6 9. Nc3 O-O 10. O-O Nc6 11. f4 Nd7 12. Be3 b6 13. Rac1 Bb7 14. Rf3 g6 15.
Rh3 Re8 16. Nd2 Bf8 17. Nf3 Bg7 18. Ng5 h6 19. Nf3 Nc5 20. Bb1 Qe7 21. e5 Rad8
22. exd6 Rxd6 23. Ne5 Nd4 24. Qf2 Nc6 25. Qg3 Red8 26. Rf1 Nd4 27. Qe1 a5 28.
Ng4 h5 29. Ne5 Nf5 30. Bc1 Ba8 31. Bc2 Qb7 32. Qf2 Rd4 33. b3 Bxe5 34. fxe5 Rg4
35. Rf3 Nd3 36. Bxd3 Rxd3 37. Kh1 Rxc3 0-1

[Event "31.Schlosspark-Open"]
[Site "Wiesbaden-Biebrich"]
[Date "2019.08.23"]
[Round "2.12"]
[White "Weber, Samuel"]
[Black "Philipp, Nils"]
[Result "1-0"]
[WhiteElo "2287"]
[BlackElo "2017"]
[PlyCount "117"]
[EventDate "2019.??.??"]
[WhiteTeam "SV Oberursel"]
[BlackTeam "Frankfurter TV"]

1. c4 Nf6 2. g3 e6 3. Bg2 d5 4. cxd5 exd5 5. Nf3 Be7 6. d3 O-O 7. O-O c5 8. Nc3
Nc6 9. Bf4 Nh5 10. Bd2 Nf6 11. Rc1 a6 12. Na4 Nd7 13. Ne1 d4 14. Bxc6 bxc6 15.
b3 Nb6 16. Ba5 Rb8 17. Nxb6 Rxb6 18. Nc2 Bh3 19. Re1 f5 20. e3 Qd5 21. e4 fxe4
22. dxe4 Qf7 23. f4 Rb5 24. Bd2 h5 25. Na3 Bg4 26. Qc2 h4 27. Qc4 Rbb8 28.
Qxf7+ Kxf7 29. Nc4 Ke8 30. Ne5 Bd7 31. Ng6 Rf7 32. Nxe7 Kxe7 33. Rxc5 Kd6 34.
Ra5 Bc8 35. f5 Rb5 36. Bf4+ Kc5 37. Rc1+ Kb6 38. Ra4 c5 39. Rac4 hxg3 40. Bd6
gxh2+ 41. Kxh2 Bxf5 42. Bxc5+ Rxc5 43. Rxc5 Bxe4 44. R5c4 Rf2+ 45. Kg3 Rxa2 46.
Rxd4 Bf5 47. Rb4+ Ka5 48. Rb7 Bd3 49. Rc5+ Bb5 50. Rcxb5+ axb5 51. Ra7+ Kb4 52.
Rxa2 Kxb3 53. Ra7 b4 54. Kf3 Kc2 55. Rc7+ Kb2 56. Ke2 g5 57. Kd3 g4 58. Rc4 b3
59. Rxg4 1-0

[Event "31.Schlosspark-Open"]
[Site "Wiesbaden-Biebrich"]
[Date "2019.08.23"]
[Round "2.13"]
[White "Pfeffer, Marko"]
[Black "Euler, Gerd"]
[Result "0-1"]
[WhiteElo "2025"]
[BlackElo "2263"]
[PlyCount "84"]
[EventDate "2019.??.??"]
[WhiteTeam "SC Bergen-Enkheim"]
[BlackTeam "SSG Hungen-Lich"]

1. c4 c5 2. g3 Nc6 3. Bg2 g6 4. Nc3 Bg7 5. Rb1 h5 6. h3 d6 7. d3 Bd7 8. e4 a6
9. a3 Rb8 10. Nge2 b5 11. cxb5 axb5 12. b4 cxb4 13. axb4 Qc8 14. Bd2 Ne5 15.
Qc2 Nf6 16. Rc1 Nh7 17. Qb1 O-O 18. Nd5 Qd8 19. f4 Nc6 20. Bc3 Bxc3+ 21. Ndxc3
Nf6 22. O-O Qb6+ 23. Kh2 Rfc8 24. Qb2 Qe3 25. Rf3 Qa7 26. Nd5 Nxd5 27. exd5 Nd8
28. f5 Rxc1 29. Qxc1 Bxf5 30. Rxf5 gxf5 31. Qh6 Ra8 32. Qg5+ Kf8 33. Qxf5 h4
34. gxh4 Qe3 35. Ng3 Qe5 36. Qd7 f6 37. h5 Nf7 38. h4 Qf4 39. Kh3 Ne5 40. Qe6
Nxd3 41. Ne4 Nf2+ 42. Nxf2 Ra3+ 0-1

[Event "31.Schlosspark-Open"]
[Site "Wiesbaden-Biebrich"]
[Date "2019.08.23"]
[Round "2.14"]
[White "Donchenko, Anatoly"]
[Black "Oparaugo, Thomas"]
[Result "1-0"]
[WhiteElo "2249"]
[BlackElo "2005"]
[PlyCount "29"]
[EventDate "2019.??.??"]
[WhiteTeam "SK Gießen"]
[BlackTeam "SV Oberursel"]

1. Nf3 d5 2. d4 Nf6 3. c4 e6 4. Nc3 Bb4 5. Qa4+ Nc6 6. e3 O-O 7. Qc2 Re8 8. a3
Bf8 9. b4 e5 10. cxd5 Nxd5 11. Nxd5 Qxd5 12. Bc4 Nxd4 13. exd4 exd4+ 14. Be3
Qc6 15. Ng5 1-0

[Event "31.Schlosspark-Open"]
[Site "Wiesbaden-Biebrich"]
[Date "2019.08.23"]
[Round "2.15"]
[White "Schmitz, Andreas Arnold"]
[Black "Nagel, Bernhard"]
[Result "1/2-1/2"]
[WhiteElo "1991"]
[BlackElo "2228"]
[PlyCount "109"]
[EventDate "2019.??.??"]
[WhiteTeam "SV Freibauer Eikamp"]
[BlackTeam "Kölner SK Dr. Lasker"]

1. e4 c6 2. Nc3 d5 3. Qf3 dxe4 4. Nxe4 Nd7 5. d4 Ndf6 6. c3 Nxe4 7. Qxe4 Nf6 8.
Qc2 Qd5 9. Nf3 Bf5 10. Bd3 Bxd3 11. Qxd3 e6 12. O-O Qe4 13. Qxe4 Nxe4 14. Re1
Nf6 15. Bf4 Rd8 16. Bg5 Be7 17. Ne5 Nd7 18. Bxe7 Kxe7 19. f4 Nxe5 20. Rxe5 Rd5
21. Rae1 Rhd8 22. Kf2 Rxe5 23. Rxe5 f6 24. Re2 Kd6 25. Ke3 h6 26. Ke4 f5+ 27.
Kf3 g5 28. g4 Rf8 29. fxg5 hxg5 30. gxf5 exf5 31. Kg3 b6 32. h4 f4+ 33. Kf3
gxh4 34. Rh2 Rh8 35. Rh3 Kd5 36. Kxf4 b5 37. Ke3 Re8+ 38. Kd3 Re4 39. b3 Rg4
40. c4+ Kd6 41. Rh2 bxc4+ 42. bxc4 c5 43. d5 Rd4+ 44. Kc3 Ke5 45. Kb3 a6 46.
Re2+ Kf5 47. Re6 a5 48. Rh6 Kg4 49. Rg6+ Kf4 50. Rh6 Kg3 51. Rg6+ Kf3 52. Rh6
Kg3 53. Rg6+ Kf3 54. Rh6 Kg3 55. Rg6+ 1/2-1/2

[Event "31.Schlosspark-Open"]
[Site "Wiesbaden-Biebrich"]
[Date "2019.08.23"]
[Round "2.16"]
[White "Hebbering, Tom Elliot"]
[Black "Bakiev, Diyor"]
[Result "1-0"]
[WhiteElo "2220"]
[BlackElo "2014"]
[PlyCount "135"]
[EventDate "2019.??.??"]
[WhiteTeam "SK Gernsheim"]
[BlackTeam "Wiesbadener SV"]

1. d4 Nf6 2. c4 c5 3. d5 e6 4. Nc3 exd5 5. cxd5 d6 6. g3 g6 7. Bg2 Bg7 8. Nf3
O-O 9. O-O Re8 10. Bf4 Bf5 11. Nd2 Nh5 12. e4 Nxf4 13. gxf4 Bc8 14. Nc4 a6 15.
a4 f5 16. Qb3 Bxc3 17. bxc3 fxe4 18. Rfe1 Rf8 19. Nb6 Ra7 20. Nxc8 Qxc8 21. Qb6
Ra8 22. Qxd6 Qd7 23. Qxc5 Rxf4 24. Qd4 Qd6 25. Rab1 Nd7 26. Rxb7 Raf8 27. Bh3
Ne5 28. Be6+ Qxe6 29. dxe6 Nf3+ 30. Kg2 Nxd4 31. e7 Re8 32. cxd4 Kf7 33. Re3
Rg4+ 34. Kh3 Rf4 35. Kg3 g5 36. Kg2 Rg4+ 37. Kf1 Rf4 38. Ke2 g4 39. Rc3 Rxe7
40. Rxe7+ Kxe7 41. Rc7+ Kd6 42. Rxh7 Kd5 43. Ra7 Kxd4 44. Rxa6 Rf7 45. Rd6+ Ke5
46. Rd1 Rh7 47. a5 Rxh2 48. Rg1 Rh6 49. Ra1 Ra6 50. Ke3 g3 51. fxg3 Rg6 52. Kf2
Ra6 53. Ra4 Rf6+ 54. Ke2 Ra6 55. Ke3 Kd5 56. g4 Ra8 57. a6 Ra7 58. g5 Ke5 59.
Ra5+ Kd6 60. Kxe4 Re7+ 61. Kf5 Rf7+ 62. Kg6 Ra7 63. Kf6 Ra8 64. a7 Rf8+ 65. Kg7
Ra8 66. Kf7 Kc6 67. Ra1 Kb7 68. g6 1-0

[Event "31.Schlosspark-Open"]
[Site "Wiesbaden-Biebrich"]
[Date "2019.08.23"]
[Round "2.17"]
[White "Everett, Elijah"]
[Black "Eveleens, Wim"]
[Result "1-0"]
[WhiteElo "2203"]
[BlackElo "1999"]
[PlyCount "57"]
[EventDate "2019.??.??"]
[WhiteTeam "SF Schöneck"]
[BlackTeam "Amstel"]

1. e4 e6 2. d4 d5 3. Nc3 Nf6 4. e5 Nfd7 5. f4 c5 6. Nf3 Nc6 7. Be3 Be7 8. Qd2
O-O 9. dxc5 Nxc5 10. O-O-O b6 11. Bb5 Bb7 12. Bxc6 Bxc6 13. Nd4 Bb7 14. f5 f6
15. Nxe6 Nxe6 16. fxe6 fxe5 17. Nxd5 Bxd5 18. Qxd5 Qxd5 19. Rxd5 Bf6 20. g4
Rfd8 21. Rhd1 Rxd5 22. Rxd5 Rd8 23. Rxd8+ Bxd8 24. Kd2 Kf8 25. Kd3 h6 26. Ke4
Ke7 27. Kxe5 Bc7+ 28. Kf5 Bxh2 29. Bd4 1-0

[Event "31.Schlosspark-Open"]
[Site "Wiesbaden-Biebrich"]
[Date "2019.08.23"]
[Round "2.18"]
[White "Laux, Dominik"]
[Black "Jahnel, Guenther"]
[Result "1-0"]
[WhiteElo "2016"]
[BlackElo "2188"]
[PlyCount "103"]
[EventDate "2019.??.??"]
[WhiteTeam "VSG Offenbach"]
[BlackTeam "FVS ASP Hoyerswerda"]

1. d4 Nf6 2. Bg5 c5 3. Bxf6 exf6 4. Nc3 d5 5. e3 Nc6 6. Nge2 Be6 7. g3 cxd4 8.
Nxd4 Bb4 9. Nde2 O-O 10. Bg2 Qa5 11. a3 Bxc3+ 12. Nxc3 Rfd8 13. b4 Qc7 14. Nb5
Qd7 15. Nd4 Rac8 16. Rc1 a5 17. c3 Nxd4 18. exd4 Rc4 19. Bf1 Rc7 20. Bd3 Re8
21. Qd2 Qa4 22. Qb2 axb4 23. axb4 Ra8 24. Kd2 Qd7 25. Ra1 Rac8 26. Ra3 Bf5 27.
Qc2 Bxd3 28. Qxd3 h6 29. Re1 g6 30. h4 h5 31. Qf3 Rc6 32. Re3 Kg7 33. Ra5 b6
34. Ra3 Re6 35. Ra1 Rce8 36. Rxe6 fxe6 37. Qd3 Re7 38. Qa6 Qc6 39. b5 Qc7 40.
Qa8 Rd7 41. Ra6 e5 42. Qc6 exd4 43. cxd4 Qd8 44. Rxb6 Qe7 45. Kd1 Ra7 46. Ra6
Rc7 47. Qd6 Qf7 48. b6 Rb7 49. Ra8 g5 50. Rc8 Kg6 51. hxg5 Kxg5 52. Rc7 1-0

[Event "31.Schlosspark-Open"]
[Site "Wiesbaden-Biebrich"]
[Date "2019.08.23"]
[Round "2.19"]
[White "Kiefer, Daniel"]
[Black "Grohmann, Alexander"]
[Result "1-0"]
[WhiteElo "2133"]
[BlackElo "2003"]
[PlyCount "61"]
[EventDate "2019.??.??"]
[WhiteTeam "SF Mainz"]
[BlackTeam "FVS ASP Hoyerswerda"]

1. Nf3 d5 2. e3 Nf6 3. c4 e6 4. Nc3 Be7 5. b3 b6 6. Bb2 Bb7 7. cxd5 exd5 8. Be2
O-O 9. O-O Nbd7 10. Qc2 Rc8 11. Nb5 a6 12. Na7 c5 13. Nxc8 Qxc8 14. Ne5 Nxe5
15. Bxe5 Qe6 16. d4 Rc8 17. Qb2 Ne4 18. Rac1 f6 19. Bf4 g5 20. Bg3 Nxg3 21.
hxg3 f5 22. dxc5 bxc5 23. Rfd1 Bf6 24. Qd2 Kg7 25. Bf3 f4 26. gxf4 gxf4 27.
Bxd5 fxe3 28. Bxe6 exd2 29. Rxd2 Re8 30. Rxc5 Rxe6 31. Rc7+ 1-0

[Event "31.Schlosspark-Open"]
[Site "Wiesbaden-Biebrich"]
[Date "2019.08.23"]
[Round "2.20"]
[White "Junker, Christian"]
[Black "Tischendorf, Michael"]
[Result "1/2-1/2"]
[WhiteElo "2011"]
[BlackElo "2165"]
[PlyCount "108"]
[EventDate "2019.??.??"]
[WhiteTeam "SV Neu-Isenburg"]
[BlackTeam "SV Hofheim"]

1. Nf3 d5 2. d3 Nc6 3. Nbd2 e5 4. e4 Nge7 5. g3 g6 6. Bg2 Bg7 7. O-O O-O 8. Re1
a5 9. a4 h6 10. exd5 Nxd5 11. Nc4 Re8 12. c3 b6 13. Qb3 Bb7 14. h4 Qd7 15. h5
g5 16. Na3 Rad8 17. Nd2 Nde7 18. Nb5 Nf5 19. Ne4 Qxd3 20. Qa2 Qd7 21. Be3 Nxe3
22. Rxe3 Kh8 23. g4 Re7 24. Bf3 f5 25. gxf5 Qxf5 26. Ng3 Qf7 27. Qb1 Rf8 28.
Qc2 Nb4 29. cxb4 Bxf3 30. bxa5 bxa5 31. Rc1 e4 32. b3 Qe6 33. Qc4 Qh3 34. Qf1
Qg4 35. Kh2 Be5 36. Qh3 Qxh3+ 37. Kxh3 Bf4 38. Rc6 g4+ 39. Kh2 Bxe3 40. fxe3
Kh7 41. Nd4 Rd7 42. Ngf5 Rdf7 43. Rxh6+ Kg8 44. Rg6+ Kh8 45. Ng3 Rb8 46. Rg5
Bd1 47. Nxe4 Bxb3 48. Rxa5 Bd1 49. Kg3 Re8 50. Ng5 Rxe3+ 51. Kh4 Rf8 52. Ra6 g3
53. Rh6+ Kg8 54. Rg6+ Kh8 1/2-1/2

[Event "31.Schlosspark-Open"]
[Site "Wiesbaden-Biebrich"]
[Date "2019.08.23"]
[Round "2.21"]
[White "Ruppert, Wolfgang"]
[Black "Werner, Dimo"]
[Result "1-0"]
[WhiteElo "2145"]
[BlackElo "1995"]
[PlyCount "71"]
[EventDate "2019.??.??"]
[WhiteTeam "SC Flörsheim"]
[BlackTeam "TSV Schott Mainz"]

1. d4 Nf6 2. c4 e6 3. Nc3 d5 4. Nf3 Be7 5. Bg5 O-O 6. e3 a6 7. Bd3 dxc4 8. Bxc4
b5 9. Bd3 Bb7 10. O-O Nbd7 11. Qe2 c5 12. dxc5 Nxc5 13. Bc2 b4 14. Nb1 Nd5 15.
Bxe7 Qxe7 16. Nbd2 a5 17. Nc4 Ba6 18. Nfd2 Nb6 19. Rfc1 Nxc4 20. Nxc4 g6 21. b3
Rac8 22. Qg4 Bxc4 23. Qxc4 Na4 24. Qa6 Nc3 25. Be4 Rc5 26. Bf3 Qf6 27. Re1 Rfc8
28. a3 Kg7 29. axb4 axb4 30. Qb7 Nb5 31. h3 R8c7 32. Qe4 Na3 33. Red1 Qc3 34.
Rac1 Qxb3 35. Rxc5 Rxc5 36. Qd4+ 1-0

[Event "31.Schlosspark-Open"]
[Site "Wiesbaden-Biebrich"]
[Date "2019.08.23"]
[Round "2.22"]
[White "Fischer, Daniel"]
[Black "Henrich, Thomas"]
[Result "*"]
[WhiteElo "2003"]
[BlackElo "2150"]
[PlyCount "84"]
[EventDate "2019.??.??"]
[WhiteTeam "SVG Offenburg"]
[BlackTeam "SK Marburg"]

1. Nf3 Nf6 2. c4 g6 3. Nc3 d5 4. cxd5 Nxd5 5. Qb3 Nb6 6. g3 Bg7 7. Bg2 O-O 8.
O-O e5 9. d3 Nc6 10. Bg5 Nd4 11. Bxd8 Nxb3 12. Bxc7 Nxa1 13. Rxa1 Re8 14. Ng5
h6 15. Nge4 Be6 16. Nc5 Rac8 17. Nxe6 Rxe6 18. Bxb6 Rxb6 19. Nd5 Re6 20. Bh3 f5
21. e4 Rf8 22. Rc1 Rf7 23. Rc8+ Kh7 24. g4 fxe4 25. g5 Rc6 26. dxe4 hxg5 27.
Kg2 Rf8 28. Rxc6 bxc6 29. Nb4 Rf6 30. Bd7 Rd6 31. Be8 Rd4 32. Nxc6 Rxe4 33. Ne7
Rg4+ 34. Kf1 Bf6 35. Bxg6+ Kg7 36. Bh5 Rf4 37. Nd5 Rh4 38. Nxf6 Kxf6 39. Be2
Rxh2 40. b3 Kf5 41. Kg1 Rh8 42. Kg2 Kf4 *

[Event "31.Schlosspark-Open"]
[Site "Wiesbaden-Biebrich"]
[Date "2019.08.23"]
[Round "2.23"]
[White "Musiolik, David"]
[Black "Gerst, Michael"]
[Result "1-0"]
[WhiteElo "2148"]
[BlackElo "1974"]
[PlyCount "55"]
[EventDate "2019.??.??"]
[WhiteTeam "SV Worms"]
[BlackTeam "Oberhausener SV"]

1. e4 c5 2. Nf3 e6 3. d4 cxd4 4. Nxd4 a6 5. Nc3 Qc7 6. Bd3 Nf6 7. O-O d6 8. Be3
b5 9. a4 b4 10. Nb1 Bb7 11. Nd2 Nbd7 12. N4b3 Be7 13. f4 O-O 14. Qe2 e5 15. Kh1
exf4 16. Bxf4 Ne5 17. Nd4 Nfd7 18. Nc4 Nxc4 19. Bxc4 Bf6 20. Nf5 Ne5 21. Bb3 a5
22. Rfd1 Rfd8 23. Rd2 Ba6 24. Qe3 Bc4 25. Rad1 Ra6 26. Qg3 Bxb3 27. cxb3 Kf8
28. Bxe5 1-0

[Event "31.Schlosspark-Open"]
[Site "Wiesbaden-Biebrich"]
[Date "2019.08.23"]
[Round "2.24"]
[White "Gentner, Markus"]
[Black "Guelsen, Taylan"]
[Result "0-1"]
[WhiteElo "2001"]
[BlackElo "2144"]
[PlyCount "98"]
[EventDate "2019.??.??"]
[WhiteTeam "SC Murrhardt"]
[BlackTeam "SG Niederkassel"]

1. Nf3 d5 2. c4 e6 3. g3 c5 4. b3 Nf6 5. Bb2 Nc6 6. Bg2 d4 7. e3 e5 8. exd4
exd4 9. O-O Be7 10. a3 O-O 11. h3 Bf5 12. d3 h6 13. Re1 Qd7 14. Kh2 Rfe8 15.
Qc2 Bd6 16. Nbd2 Rxe1 17. Rxe1 Re8 18. Rxe8+ Qxe8 19. Bf1 a5 20. Qd1 Nd7 21.
Qe2 Qxe2 22. Bxe2 Nf6 23. Kg2 Bh7 24. Bc1 g5 25. Ne1 Ne7 26. Bf3 b6 27. Kf1 Bc7
28. b4 axb4 29. axb4 Nd7 30. b5 Ne5 31. Be4 f5 32. Bg2 Kf7 33. Ke2 N7g6 34.
Ndf3 f4 35. g4 Kf6 36. Nxe5 Nxe5 37. Bd5 Bg6 38. f3 h5 39. Be4 hxg4 40. hxg4
Bxe4 41. fxe4 Nxg4 42. Nf3 Nh6 43. Kf2 g4 44. Nh4 Kg5 45. Ng2 Ng8 46. Bd2 Ne7
47. Bc1 Ng6 48. Bd2 Nh4 49. Ne1 g3+ 0-1

[Event "31.Schlosspark-Open"]
[Site "Wiesbaden-Biebrich"]
[Date "2019.08.23"]
[Round "2.25"]
[White "Vakulenko, Oleksandr"]
[Black "Triantafillidis, Simeon"]
[Result "1-0"]
[WhiteElo "2144"]
[BlackElo "1952"]
[PlyCount "55"]
[EventDate "2019.??.??"]
[WhiteTeam "Gambit Kiew"]
[BlackTeam "SF HN-Biberach"]

1. d4 c5 2. d5 d6 3. e4 g6 4. Nc3 Bg7 5. f4 Nh6 6. Nf3 O-O 7. Bd3 Na6 8. O-O
Nc7 9. Re1 e6 10. Bc4 Rb8 11. a4 b6 12. Qd3 a6 13. h3 Qd7 14. dxe6 fxe6 15. f5
gxf5 16. Bxh6 fxe4 17. Nxe4 d5 18. Bxg7 Qxg7 19. Ba2 dxe4 20. Rxe4 Kh8 21. c3
Nd5 22. Rg4 Qh6 23. Re1 Nf4 24. Qd6 Bb7 25. Qe5+ Qf6 26. Rxf4 Qxe5 27. Rxf8+
Rxf8 28. Nxe5 1-0